000 00929nam a2200253Ia 4500
003 OSt
005 20221005112140.0
006 a|||||r|||| 00| 0
007 ta
008 221004b |||||||| |||| 00| 0 pan d
020 _a8172054467 (hbk)
_cINR 500.00
024 _a38524
037 _b1017, 30/01/2018, H.K. Prakashan
_cTextual
040 _aCRL
_cCRL
_bpan
041 _2pan
_apan
082 _aNR4443, 153Q7
100 _aਕੰਵਲ, ਬਲਬੀਰ ਸਿੰਘ, ਂਚ.
245 0 _aਪੰਜਾਬ ਦੇ ਪ੍ਰਸਿੱਧ ਰਾਗੀ ਰਬਾਬੀ(1604-2016ਈ. )
260 _aਅੰਮ੍ਰਿਤਸਰ
_bਸਿੰਘ ਬ੍ਰਦਰਗ਼ ਭਾਰਤ
_c2017
300 _a392ਪ0
_ccm.
650 _aਸੰਗੀਤ
942 _hNR4443, 153Q7
_cTEXL
_2cc
999 _c1023972
_d1023972